A las Cortes
Descripción Física:
12 p. ; 22 cm
MARC
| LEADER | 00000nam a2200000Ia 4500 | ||
|---|---|---|---|
| 001 | 23072 | ||
| 008 | 160829s1881 xx 000 0 cat d | ||
| 080 | |a RF-16-38 | ||
| 245 | 2 | |a A las Cortes | |
| 260 | |a Barcelona : |b Imp. Suc. Ramirez y Ca., |c 1881 | ||
| 300 | |a 12 p. ; |c 22 cm | ||
| 590 | |a Els administradors de l'Hospital de la Santa Creu de Barcelona demanen a les Corts que no aprovin el projecte de llei que pretén suprimir les rifes que se celebren en dit Hospital. | ||
| 590 | |a Prové de la caixeta de Casa de Caritat, any 1881, núm. 2311, exp. 2328 | ||
| 610 | 2 | 0 | |a Hospital de la Santa Creu i Sant Pau (Barcelona, Catalunya) |9 55039 |
| 650 | |a Rifes |9 41407 | ||
| 710 | 2 | |a Hospital de la Santa Creu i Sant Pau (Barcelona, Catalunya) |9 55039 | |
| 856 | 4 | |u https://media.diba.cat/diba/fitxers/arxiu/fulletons/bib_23072_baixa.pdf |y Accés lliure | |
| 856 | 4 | |u https://media.diba.cat/diba/fitxers/arxiu/fulletons/bib_23072_baixa.pdf |y Accés lliure | |
| 901 | |a Arxiu | ||
| 942 | |n 1 |2 udc | ||
| 952 | |0 0 |1 0 |4 0 |6 RF1638 |7 1 |9 50198 |a Arxiu |b Arxiu |d 2016-12-01 |l 0 |o RF-16-38 |p 23072 |r 2016-12-01 00:00:00 |w 2016-12-01 |y ARXIU | ||
| 999 | |c 54040 |d 54040 | ||
| 900 | |a bib_23072_baixa.pdf | ||